000
00313nam a22001337a 4500
008
181210b xxu||||| |||| 00| 0 eng d
020
_a
070258872
041
_a
eng
080
_a
510
100
_a
38
101
_a
MAT
245
_a
nUMERICAL mETHODS fOR sCIENTES aND eNGINEERS
_c
Hamming.J
942
_2
udc
_c
BK
999
_c
53124
_d
53124